000
00304nam a22001337a 4500
008
171202b xxu||||| |||| 00| 0 eng d
020
_a
093194810X
041
_a
eng
080
_a
32
100
_a
18
101
_a
SHP
245
_a
WON'T YOU OME HOME, BILLY BOB BAILEY?
_c
GRIZZARD, L
942
_2
udc
_c
BK
999
_c
38766
_d
38766